| 000 | 00389nam a2200169Ia 4500 | ||
|---|---|---|---|
| 003 | 0STCL | ||
| 008 | 150530s9999 xx 000 0 und d | ||
| 040 |
_aSTCL _cSTCL |
||
| 100 | _aSullivan | ||
| 245 | _aProgress in the modern world for students of english | ||
| 250 | _aFirst | ||
| 260 | _c1967 | ||
| 546 | _aEnglish | ||
| 942 |
_2ddc _cBK |
||
| 999 |
_c61150 _d61150 |
||
| 005 | 20220125171147.0 | ||